Länder mit dem höchsten Importvolumen - Statistiken

Allgemein
  • Dieses Quiz wurde 30 mal gespielt
  • Das Durchschnittsergebnis liegt bei 17 aus 20
Antwortstatistiken
Volumen Land % Korrekt
3,7 Bio. China
100%
1,7 Bio. Deutschland
100%
713 Mrd. Italien
100%
700 Mrd. Kanada
100%
543 Mrd. Spanien
100%
1,1 Bio. Frankreich
96%
636 Mrd. Mexiko
96%
3,0 Bio. USA
96%
869 Mrd. Indien
93%
869 Mrd. Japan
89%
439 Mrd. Polen
86%
1,1 Bio. Vereinigtes Königreich
86%
877 Mrd. Niederlande
82%
759 Mrd. Südkorea
75%
521 Mrd. Belgien
68%
544 Mrd. Schweiz
64%
420 Mrd. Türkei
61%
693 Mrd. Singapur
57%
545 Mrd. Irland
54%
465 Mrd. VAE
50%
Keine übereinstimmenden Quizze gefunden
Verteilung der Resultate
Anzahl Personen mit jedem Resultat
Perzentil nach korrekt beantworteten Fragen
Ihre Resultats-Entwicklung
Sie haben dieses Quiz noch nicht gespielt